| 000 | 00977nam a2200277Ia 4500 | ||
|---|---|---|---|
| 003 | OSt | ||
| 005 | 20221005102947.0 | ||
| 006 | a|||||r|||| 00| 0 | ||
| 007 | ta | ||
| 008 | 221004b |||||||| |||| 00| 0 hin d | ||
| 020 | _c35 | ||
| 024 | _a5041 | ||
| 037 |
_b48, 02/07/2013, University Book House _cTextual |
||
| 040 |
_aCRL _cCRL _bhin |
||
| 041 |
_2hin _ahin |
||
| 082 | _aO152,3M89x, J4;P8 | ||
| 100 | _aजयशंकर प्रसाद | ||
| 245 | 0 | _aआकाश दीप | |
| 246 | _aĀkāsh dīpa | ||
| 260 |
_aइलाहाबाद _bज्योति प्रकाशन भारत _c2008 |
||
| 300 |
_a99पृ0 _ccm. |
||
| 490 | _aथ्ल्न्च् क्ब्.1 भ्प्छक्प्.2 | ||
| 650 | _aहिन्दी साहित्य | ||
| 942 |
_hO152,3M89x, J4;P8 _cTEXL _2cc |
||
| 999 |
_c1009161 _d1009161 |
||